书目信息 |
| 题名: |
计算机网络与应用
|
|
| 作者: | 周林 主编 | |
| 分册: | ||
| 出版信息: | 北京 中国电力出版社 2007.08 |
|
| 页数: | 285页 | |
| 开本: | 26cm | |
| 丛书名: | ||
| 单 册: | ||
| 中图分类: | TP393 | |
| 科图分类: | ||
| 主题词: | 计算机网络--ji suan ji wang luo--高等学校--教材 | |
| 电子资源: | ||
| ISBN: | 978-7-5083-5597-9 | |
| 000 | 00999nam0 2200253 450 | |
| 001 | 012008274705 | |
| 005 | 20080605112839.17 | |
| 010 | @a978-7-5083-5597-9@dCNY27.00 | |
| 100 | @a20080605d2007 em y0chiy0120 ea | |
| 101 | 0 | @achi |
| 102 | @aCN@b110000 | |
| 105 | @aa a 000yy | |
| 106 | @ar | |
| 200 | 1 | @a计算机网络与应用@Aji suan ji wang luo yu ying yong@f周林主编@Fzhou lin zhu bian |
| 210 | @a北京@c中国电力出版社@d2007.08 | |
| 215 | @a285页@c图@d26cm | |
| 300 | @a21世纪高等学校规划教材 | |
| 320 | @a有书目 (第285页) | |
| 330 | @a本书深入浅出地介绍了计算机网络的基本理论,从网络体系结构、局域网、以太网、网络互连、网络安全和广域网接入等多个方面对常用计算机网络技术进行了探讨,在讨论中不是简单地罗列各种网络概念和术语,而是在完整系统地提供了计算机网络知识的同时,注重培养学生的实际操作能力。 | |
| 606 | 0 | @a计算机网络@Aji suan ji wang luo@x高等学校@j教材 |
| 690 | @aTP393@v4 | |
| 701 | 0 | @a周林@Azhou lin@4主编 |
| 801 | 0 | @aCN@bQSSK@c20080605 |
| 905 | @b724830-32@dTP393@eZ775@f3 | |
| 计算机网络与应用/周林主编.-北京:中国电力出版社,2007.08 |
| 285页:图;26cm |
| 21世纪高等学校规划教材 |
| ISBN 978-7-5083-5597-9:CNY27.00 |
| 本书深入浅出地介绍了计算机网络的基本理论,从网络体系结构、局域网、以太网、网络互连、网络安全和广域网接入等多个方面对常用计算机网络技术进行了探讨,在讨论中不是简单地罗列各种网络概念和术语,而是在完整系统地提供了计算机网络知识的同时,注重培养学生的实际操作能力。 |
| ● |
| 相关链接 |
|
|
|
正题名:计算机网络与应用
索取号:TP393/Z775
 
预约/预借
| 序号 | 登录号 | 条形码 | 馆藏地/架位号 | 状态 | 备注 |
| 1 | 724830 | 207248307 | 自科库301/301自科库 119排1列3层/ [索取号:TP393/Z775] | 在馆 | |
| 2 | 724831 | 207248316 | 自科库301/301自科库 119排1列3层/ [索取号:TP393/Z775] | 在馆 | |
| 3 | 724832 | 207248325 | 自科二线404/404自科库 17排5列1层/ [索取号:TP393/Z775] | 在馆 |